Дело о доставлении попечителю Киевского учебного округа записки генерал лейтенанта Д.Г. Бибикова о необходимости объяснения преп...

Доступно только в Электронных читальных залах Найти на картеНа карте
RUSMARC
00004270nmc2a2200000 x 450
001a9977396-b324-4e7c-9132-04282eeaa81c
00520170420195202.0
100##$a20140910l18401840k l0rusy0189 ca
1010#$arus
102##$aRU
2001#$aДело о доставлении попечителю Киевского учебного округа записки генерал лейтенанта Д.Г. Бибикова о необходимости объяснения преподавателями истории причины отпадения Западной церкви от Восточной
$j16-21 марта 1840 г.
251##$cДело
300##$aДело
300##$aОриг. заголовок дела: Дело о том, чтобы преподаватели истории объясняли ученикам отпадение Западной церкви от Восточной. 16 марта 1840 г. - 21 марта 1840 г
801#0$aRU
$bРГИА
$c20140910
$gRCR
801#1$aRU
$bГлавНИВЦ
$c20140910
$2rusmarc
801#2$aRU
$bПБ им. Б.Н. Ельцина
$c20170420
$gRCR
$2rusmarc
850##$aРГИА
852##$aРГИА
$eФедеральное казенное учреждение "Российский государственный исторический архив" (РГИА)
$j550
937##$hРГИА
$d11177969
$aASBIBLIO_SCAN
462#0$1001460feb74-7b04-4139-aeb0-b9d27856a1ef
$12001
$aДела Департамента народного просвещения по Киевскому учебному округу за 1804-1844 гг.
$1251
$cОпись
$1852
$j69
461#0$1001a74412a3-3cc5-4d21-8f0a-dfe2fbd9e72d
$12001
$aДепартамент народного просвещения Министерства народного просвещения (1803-1917)
$1251
$cФонд
$1852
$j733
215##$a5 л.
$d36,5х26 см
371##$aДокумент не является опубликованным и широко распространяемым
105##$ay###
1222#$ad
5171#$aДело о том, чтобы преподаватели истории объясняли ученикам отпадение Западной церкви от Восточной. 16 марта 1840 г. - 21 марта 1840 г
035##$aa9977396-b324-4e7c-9132-04282eeaa81c
856##$uhttp://readingroom.main.prlib.ru/item.aspx?id_node=n97337251&mode=full
Формат отображения